| 000 | 01924cam a22003854a 4500 | ||
|---|---|---|---|
| 001 | 13635864 | ||
| 005 | 20100618111422.0 | ||
| 008 | 040624s2004 ne a 001 0 eng | ||
| 010 | _a 2004274460 | ||
| 020 | _a1555583156 | ||
| 020 | _a9781555583156 | ||
| 040 |
_aDLC _cDLC _dDLC |
||
| 042 | _apcc | ||
| 050 | 0 | 0 |
_aTK5105.5 _b.R4465 2004 |
| 082 | 0 | 0 |
_a004.6 _222 _bREI |
| 100 | 1 |
_aReid, Fiach. _927409 |
|
| 245 | 1 | 0 |
_aNetwork Programming in .NET : _bwith C# and Visual Basic .NET / _cFiach Reid. |
| 260 |
_aAmsterdam ; _aBoston : _bElsevier/Digital Press, 2004 _cc2004. |
||
| 300 |
_axix, 541 p. : _bill. ; _c24 cm. |
||
| 500 | _aIncludes index. | ||
| 630 | 0 | 0 |
_aMicrosoft Visual BASIC. _927410 |
| 650 | 0 |
_aComputer networks _xDesign and construction. _927411 |
|
| 650 | 0 |
_aComputer software _xDevelopment. _927412 |
|
| 650 | 0 |
_aC# (Computer program language) _927413 |
|
| 650 | 0 |
_aMicrosoft .NET. _927414 |
|
| 653 |
_bCS _cOctober2011 |
||
| 856 | 4 | 1 |
_3Table of contents _uhttp://www.loc.gov/catdir/toc/els051/2004274460.html |
| 856 | 4 | 2 |
_3Publisher description _uhttp://www.loc.gov/catdir/description/els051/2004274460.html |
| 942 |
_2ddc _cBB |
||
| 999 |
_c16106 _d16106 |
||